The Cambridge companion to modernism /

Bibliografiske detaljer
Andre forfattere: Levenson, Michael H. (Michael Harry), 1951-
Format: Bog
Sprog:English
Udgivet: Cambridge, U.K. ; New York, NY : Cambridge University Press, 1999.
Serier:Cambridge companions to literature
Fag:
Classic Catalogue: View this record in Classic Catalogue
LEADER 01471nam a2200301 a 4500
001 0016510
003 BD-DhAAL
008 090713s1999 enk b 001 0 eng d
020 |a 0521697654 
020 |z 0521495614 (hardbound) 
020 |z 052149806X (pbk.) 
040 |a DLC  |c DLC  |d DLC  |d BD-DhAAL 
082 0 0 |a 700.4112  |2 21 
245 0 4 |a The Cambridge companion to modernism /  |c edited by Michael Levenson. 
260 |a Cambridge, U.K. ;  |a New York, NY :  |b Cambridge University Press,  |c 1999. 
300 |a xvii, 246 p. ;  |c 24 cm 
490 1 |a Cambridge companions to literature 
504 |a Includes bibliographical references (p. 233-240) and index. 
526 |a ENH  |x Prof. Syed Manzoorul Islam Faculty Member of BRAC University 
541 1 |e 00017173  |a Friends' Book Corner 
650 0 |a Modernism (Literature). 
650 0 |a Modernism (Art).  |9 45537 
700 1 |a Levenson, Michael H.  |q (Michael Harry),  |d 1951-  |9 58326 
852 4 |a Ayesha Abed Library  |c General Stacks 
942 |2 ddc  |c BK 
999 |c 2337  |d 2337 
952 |0 0  |1 0  |2 ddc  |4 0  |6 700_411200000000000_CAM_1999  |7 0  |9 2161  |a BRACUL  |b BRACUL  |c GEN  |d 2009-07-13  |e Friends' Book Corner  |g 1190.00  |l 3  |m 3  |o 700.4112 CAM  |p 3010017173  |r 2025-06-25  |s 2024-11-06  |t 2  |w 2009-07-13  |y BK  |x Requisitioned by Prof. Syed Manzoorul Islam (Faculty Member of BRAC University). 
952 |0 0  |1 0  |2 ddc  |4 0  |6 700_411200000000000_CAM_1999  |7 0  |9 8853  |a BRACUL  |b BRACUL  |c GEN  |d 2010-03-29  |l 4  |m 14  |o 700.4112 CAM  |p 3010016510  |r 2025-12-11  |s 2025-11-08  |t 1  |w 2010-03-29  |y BK